000 00758nas a2200253 4500
001 BR0101083
003 BR-BrBNA
005 20231205102108.0
007 ta
008 230509b bl.|||p| |||| 00| 00por d
040 _aBR-BrBNA
_bpor
_cBiblioteca Nacional de Agricultura
041 _a(Pt)
072 _aH10
100 1 _aBittencourt, M.A.L.
100 1 _aBerti Filho, E.
245 1 _aPreferencia de palmistichus elaeisis por pupas de diferentes lepidopteros praga
650 _aPupa
650 _aLepidoptero
650 _aCriacao
650 _aControle Biologico
773 0 _tScientia Agricola (Brazil)
_xISSN 0103-9016
_g(Oct-Dec 1999), v. 56(4) p. 1281-1283
_wBR0101083
909 _a202311
_bLúcia
_c55
_dLúcia Elande
942 _2AGRIS
_n0
_cANA
999 _c165719
_d165719